| Tag |
First Indicator |
Second Indicator |
Subfields |
| LEADER |
00000cas a2200000 a 4500 |
| 001 |
in00001361237 |
| 005 |
20151006090424.0 |
| 008 |
970701d19591959dcuuu i f0 a0eng d |
| 035 |
|
|
|a (OCoLC)37225850
|
| 035 |
|
|
|9 AHJ7363AM
|
| 040 |
|
|
|a TXA
|c TXA
|d UtOrBLW
|
| 043 |
|
|
|a n-us---
|
| 049 |
|
|
|a TXAO
|
| 086 |
0 |
|
|a Y 1.3:H 35/2/959
|
| 245 |
0 |
0 |
|a Cumulative index of congressional committee hearings (not confidential in character) ... /
|c in the United States Senate Library.
|
| 246 |
3 |
0 |
|a Index of congressional committee hearings (not confidential in character)
|
| 264 |
|
1 |
|a Washington, D.C. :
|b U.S. Govt.Print.Off,
|c 1959.
|
| 300 |
|
|
|a 1 volume ;
|c 29 cm.
|
| 336 |
|
|
|a text
|b txt
|2 rdacontent
|
| 337 |
|
|
|a unmediated
|b n
|2 rdamedia
|
| 338 |
|
|
|a volume
|b nc
|2 rdacarrier
|
| 362 |
0 |
|
|a 74th Congress (Jan. 3, 1935) through 85th Congress (Jan. 4, 1959).
|
| 500 |
|
|
|a Library's copy 2 is reprint edition: Westport, Conn. : Greenwood Press, 1973.
|
| 650 |
|
0 |
|a Legislative hearings
|z United States
|v Indexes.
|
| 710 |
1 |
|
|a United States.
|b Congress.
|b Senate.
|b Library.
|
| 780 |
0 |
0 |
|t Index of congressional committee hearings (not confidential in character) prior to January 3, 1935
|w (OCoLC)37225799
|
| 785 |
0 |
0 |
|t Cumulative index of congressional committee hearings (not confidential in character). Quadrennial supplement
|w (OCoLC)3163375
|
| 948 |
|
|
|a T1b
|
| 999 |
|
|
|a MARS
|
| 999 |
f |
f |
|s f091d011-4e38-3221-93e3-64537bfc45f2
|i ecf95b60-229c-3778-a4a7-6945080093a2
|t 0
|
| 952 |
f |
f |
|p normal
|a Texas A&M University
|b College Station
|c Sterling C. Evans Library
|d Evans: US Documents (Annex 5th floor)
|t 0
|e Y 1.3:H 35/2/
|h Superintendent of Documents classification
|i unmediated -- volume
|k 74th/85th Cong.
|l 1935/1959
|m A14821689264
|
| 952 |
f |
f |
|p normal
|a Texas A&M University
|b College Station
|c Sterling C. Evans Library
|d Evans: US Documents (Annex 5th floor)
|t 0
|e Y 1.3:H 35/2/
|h Superintendent of Documents classification
|i unmediated -- volume
|k 74th/85th Cong.
|l 1935/1959
|m A14821689515
|
| 998 |
f |
f |
|a Y 1.3:H 35/2/
|s 74th/85th Congress (1935:Jan.3/1959:Jan.4)
|t 0
|l Evans: US Documents (Annex 5th floor)
|
| 998 |
f |
f |
|a Y 1.3:H 35/2/
|s 74th/85th Congress (1935:Jan.3/1959:Jan.4)
|t 0
|l Evans: US Documents (Annex 5th floor)
|